000 00314nam a22001457a 4500
008 210226b ||||| |||| 00| 0 eng d
020 _a2900393912998
041 _aeng
080 _23rd
_a316
082 _a316
100 _a50
101 _aSOC
245 _aYou May Ask Yourself
_cConley, D
942 _2udc
_cBK
999 _c55288
_d55288